|
|
|
|
| LEADER |
00000nam0a2200000 4500 |
| 001 |
124858 |
| 005 |
20231031131134.0 |
| 010 |
|
|
|a 5858872433
|
| 035 |
|
|
|a (RuTPU)RU\TPU\book\135123
|
| 090 |
|
|
|a 124858
|
| 100 |
|
|
|a 20071108d2006 m y0rusy50 ca
|
| 101 |
0 |
|
|a rus
|
| 102 |
|
|
|a RU
|
| 105 |
|
|
|a ac z 001zb
|
| 200 |
1 |
|
|a Доносчик 001, или Вознесение Павлика Морозова
|f Ю. И. Дружников
|
| 210 |
|
|
|a Москва
|c Русский путь
|d 2006
|
| 215 |
|
|
|a 224 с.
|c ил.
|
| 320 |
|
|
|a Примечания: с. 190-200.
|
| 320 |
|
|
|a Краткая библиография: с. 208-216.
|
| 330 |
|
|
|a Первое документальное расследование жизни и убийства известного пионера-героя, донесшего на отца и ставшего одним из главных символов советской системы. Что на самом деле произошло в начале 1930-х годов в сибирской деревне Герасимовке, в Кремле и на Лубянке? Кому оказалась выгодна смерть подростка? Кто и как воспевал подвиги юного осведомителя? Остается ли доносчик героем сегодня? Текст Дружникова распространялся в самиздате, впервые опубликован в 1988 году в Лондоне. Книга была под запретом в Советском Союзе, а теперь дополнена новыми материалами. Она обращена к российскому читателю, который хочет знать о прошлом всю правду, и сейчас еще скрываемую властями. Издание иллюстрировано уникальными архивными фотодокументами, собранными автором книги, и фотографиями, сделанными им спустя полвека после событий.
|
| 600 |
|
1 |
|a Морозов
|b П.
|c герой-пионер Советского Союза
|c осведомитель ОГПУ
|f 1918-1932
|g Павлик
|2 stltpush
|3 (RuTPU)RU\TPU\pers\21726
|
| 610 |
1 |
|
|a Россия
|
| 610 |
1 |
|
|a история России
|
| 610 |
1 |
|
|a 20 век
|
| 610 |
1 |
|
|a Сибирь
|
| 610 |
1 |
|
|a крестьянство
|
| 686 |
|
|
|a Т3(2)614
|v LBC/SL-A
|2 rubbk
|
| 700 |
|
1 |
|a Дружников
|b Ю. И.
|g Юрий Ильич
|
| 801 |
|
1 |
|a RU
|b 63413507
|c 20071108
|g PSBO
|
| 801 |
|
2 |
|a RU
|b 63413507
|c 20080418
|g PSBO
|
| 942 |
|
|
|c BK
|
| 959 |
|
|
|a 78/20071106
|d 1
|e 213,18
|f РФ:1
|